Movies Quiz

Random Movies or James Bond Quiz

James Bond Films by Locations Quiz Stats

 Plays Quiz Updated Nov 8, 2015

Challenge
Share
Tweet
Embed
Score 0/24 Timer 06:00
8 Plays Today
Locations Film Title % Correct
Geneva; Miami; Fort Knox, KYGoldfinger
79.8%
Venice; the Amazon; outer spaceMoonraker
79.2%
Arkangelsk, USSR; Monte Carlo; St. Petersburg; CubaGoldenEye
72.6%
Kingston and Crab Key, JamaicaDr. No
70.2%
Istanbul; Shanghai; Macau; London; Scottish countrysideSkyfall
67.3%
North Korea; Havana; London; IcelandDie Another Day
67.2%
Mexico City; Rome; Obertilliach, Austria; Tangier; LondonSpectre
66.6%
Ascot, UK; Paris; San Francisco, CAA View to a Kill
64%
Hong Kong; Tokyo; Kyūshū, JapanYou Only Live Twice
63.5%
New York, NY; New Orleans, LA; San Monique*Live and Let Die
62.2%
Cairo; Amsterdam; Las Vegas, NVDiamonds are Forever
61.2%
Madagascar; Nassau, The Bahamas; Miami; MontenegroCasino Royale
60.6%
Locations Film Title % Correct
Austrian Alps; Cairo, Giza, Luxor (Egypt); SardiniaThe Spy Who Loved Me
58.2%
Khyber Pass; Hamburg; South China Sea; Ho Chi Minh City (Saigon)Tomorrow Never Dies
54.5%
Udaipur, India; East and West BerlinOctopussy
53.3%
Beirut; Macau; Hong Kong; an archipelago in the Yellow SeaThe Man with the Golden Gun
53.2%
Bilbao; Baku; Kazakhstan; IstanbulThe World is Not Enough
50.7%
Chateau d'Anet, France; Shrublands Health Retreat, UK; Paradise Island, BahamasThunderball
50.5%
Estoril, Portugal; Piz Gloria (Swiss Alps)On Her Majesty's Secret Service
50.1%
Siena, Italy; Port-au-Prince, Haiti; La Paz, Bolivia; Kazan, RussiaQuantum of Solace
49.4%
Gibraltar; Bratislava; Tangier; AfghanistanThe Living Daylights
48.6%
Zagreb; Belgrade; IstanbulFrom Russia with Love
47.7%
Key West, FL; Bimini, Bahamas; Republic of Isthmus*Licence to Kill
43.9%
near Madrid; Corfu; Cortina d'Ampezzo, ItalyFor Your Eyes Only
37.9%

You're not logged in!

Compare scores with friends on all Sporcle quizzes.
Join for Free
OR
Log In

You Might Also Like...

Show Comments

Extras

Top Quizzes Today


Score Distribution

Your Account Isn't Verified!

In order to create a playlist on Sporcle, you need to verify the email address you used during registration. Go to your Sporcle Settings to finish the process.

Report this User

Report this user for behavior that violates our Community Guidelines.

Details: